| 000 | 01271nas a2200373 4500 | ||
|---|---|---|---|
| 001 | BR2012004922 | ||
| 003 | BR-BrBNA | ||
| 005 | 20231205120822.0 | ||
| 007 | ta | ||
| 008 | 230509b bl.|||p| |||| 00| 00por d | ||
| 040 |
_aBR-BrBNA _bpor _cBiblioteca Nacional de Agricultura |
||
| 041 | _a(Pt) | ||
| 072 | _aJ10 | ||
| 100 | 1 | _aBranco, J.E.H. | |
| 100 | 1 | _aCaixeta Filho, J.V. | |
| 100 | 1 | _aGameiro, A.H. | |
| 100 | 1 | _aXavier, C.E.O. | |
| 100 | 1 | _aPaes, W.H.M. | |
| 100 | 1 | _aLa Cruz, B.C.B. de | |
| 245 | 1 | _aOtimização logística para o transporte multimodal de safras agrícolas pelo corredor centro-norte: o que pensam as empresas e instituições envolvidas | |
| 246 | 1 | _aLogistic optimization for multimodal agricultural products transport by center-north corridor: what do companies and institutions involved think about it? | |
| 650 | _aAGRICULTURA | ||
| 650 | _aSAFRA | ||
| 650 | _aPRODUTO | ||
| 650 | _aTRANSPORTE | ||
| 650 | _aLOGÍSTICA | ||
| 650 | _aSAFRA | ||
| 650 | _aPRODUTO | ||
| 650 | _aTRANSPORTE | ||
| 650 | _aLOGÍSTICA | ||
| 773 | 0 |
_tAmazônia Ciência e Desenvolvimento (Brazil) _xISSN 1809-4058 _g(Jan-Jun 2011), v. 6(12) p. 143-160 _wBR2012004922 |
|
| 909 |
_a202311 _bLúcia _c55 _dLúcia Elande |
||
| 942 |
_2AGRIS _n0 _cANA |
||
| 999 |
_c220473 _d220473 |
||